000 00527nam a2200157Ia 4500
008 191001s9999 xx 000 0 und d
020 _a9781284077537
100 _aMauseth, James D
245 _cJames D Mauseth.--
_aBotany :
_ban introduction to plant biology
250 _a6th
260 _aBurlington (Massachusetts) :
_bJones and Bartlett Learning
_c2017
300 _axx, 820 pages;
_bcollor illustrations
500 _aIncludes glossary and index.
650 _a Botany.
650 _aSCIENCE -- Life Sciences -- Botany.
999 _c362238
_d362238